<?xml version="1.0" encoding="UTF-8"?><?xml-stylesheet type="text/xsl" href="static/style.xsl"?><OAI-PMH xmlns="http://www.openarchives.org/OAI/2.0/" xmlns:xsi="http://www.w3.org/2001/XMLSchema-instance" xsi:schemaLocation="http://www.openarchives.org/OAI/2.0/ http://www.openarchives.org/OAI/2.0/OAI-PMH.xsd"><responseDate>2026-06-29T02:07:37Z</responseDate><request verb="GetRecord" identifier="oai:docta.ucm.es:20.500.14352/120496" metadataPrefix="marc">https://docta.ucm.es/rest/oai/request</request><GetRecord><record><header><identifier>oai:docta.ucm.es:20.500.14352/120496</identifier><datestamp>2025-05-28T00:04:19Z</datestamp><setSpec>com_20.500.14352_14</setSpec><setSpec>col_20.500.14352_15</setSpec></header><metadata><record xmlns="http://www.loc.gov/MARC21/slim" xmlns:dcterms="http://purl.org/dc/terms/" xmlns:xsi="http://www.w3.org/2001/XMLSchema-instance" xmlns:doc="http://www.lyncode.com/xoai" xsi:schemaLocation="http://www.loc.gov/MARC21/slim http://www.loc.gov/standards/marcxml/schema/MARC21slim.xsd">
   <leader>00925njm 22002777a 4500</leader>
   <datafield ind2=" " ind1=" " tag="042">
      <subfield code="a">dc</subfield>
   </datafield>
   <datafield ind2=" " ind1=" " tag="720">
      <subfield code="a">González Pinardo, Daniel</subfield>
      <subfield code="e">author</subfield>
   </datafield>
   <datafield ind2=" " ind1=" " tag="720">
      <subfield code="a">Fernández López, Israel</subfield>
      <subfield code="e">author</subfield>
   </datafield>
   <datafield ind2=" " ind1=" " tag="260">
      <subfield code="c">2025-03-12</subfield>
   </datafield>
   <datafield ind2=" " ind1=" " tag="520">
      <subfield code="a">The impact of the nature of the Group 15 element on both the bonding situation and the reactivity of gold(I)-C ≡ E (E = N to Bi) complexes has been studied quantum chemically within the density theory functional framework. For this purpose, the 1,3-dipolar cycloaddition reaction involving tBuN3 as dipole has been selected and its main features, including the regioselectivity of the transformation and the in-plane aromaticity of the corresponding transition structures, have been investigated. It is found that the reactivity of the complexes is increased as one moves down Group 15 (N ≪ P &lt; As &lt; Sb &lt; Bi). This reactivity trend has been rationalized by using the combined activation strain model and energy decomposition analysis methods, which indicate that the process is mainly dominated by the strain energy required by the reactants to reach the corresponding transition state geometries.</subfield>
   </datafield>
   <datafield ind1="8" ind2=" " tag="024">
      <subfield code="a">González-Pinardo, D.; Fernández, I. Influence of the Nature of Group 15 Element on [AuI ]–C≡E/Azide 1,3-Dipolar Cycloaddition Reaction. Inorg. Chem. 2025, 64 (11), 5628–5636. https://doi.org/10.1021/acs.inorgchem.5c00110.</subfield>
   </datafield>
   <datafield ind1="8" ind2=" " tag="024">
      <subfield code="a">10.1021/acs.inorgchem.5c00110</subfield>
   </datafield>
   <datafield ind1="8" ind2=" " tag="024">
      <subfield code="a">https://hdl.handle.net/20.500.14352/120496</subfield>
   </datafield>
   <datafield ind1="8" ind2=" " tag="024">
      <subfield code="a">https://doi.org/10.1021/acs.inorgchem.5c00110</subfield>
   </datafield>
   <datafield ind1="8" ind2=" " tag="024">
      <subfield code="a">https://pubs.acs.org/doi/full/10.1021/acs.inorgchem.5c00110</subfield>
   </datafield>
   <datafield ind2="0" ind1="0" tag="245">
      <subfield code="a">Influence of the Nature of Group 15 Element on [AuI]−C≡E/Azide 1,3-Dipolar Cycloaddition Reaction</subfield>
   </datafield>
</record></metadata></record></GetRecord></OAI-PMH>